000 01056nam a2200265 a 4500
003 MX-MxUPN
005 20240921063849.0
008 991125s1904 mx fr 000 0 spa d
035 _aUPN01000030797
040 _aMX-MxUPN
_bspa
_cMX-MxUPN
041 _aspa
050 4 _aNK844
_bA4.5 1904
100 1 _aAlvarez, Manuel Francisco,
_dn. 1842
_935809
245 1 0 _aInforme anual del director de la Escuela Nacional de Artes y Oficios para Hombres
260 _aMéxico :
_bEscuela Nacional de Artes y Oficios,
_c1904.
300 _a86, [23] páginas, [12] láminas. :
_bilustraciones
610 2 2 _aEscuela Nacional de Artes y Oficios para hombres (México)
_vInformes
_921843
650 2 _aArtes y oficios
_92772
710 2 _951335
_aMuseo Pedagógico Nacional (México)
_epropietario anterior
710 2 _952258
_aBiblioteca Sor Juana Inés de la Cruz (México)
_epropietario anterior
710 2 _952596
_aEscuela Normal para Profesoras (México)
_epropietario anterior
902 _bMaríaRobles/200824
905 _aLibro
942 _2lcc
_cLIBRO
_n0
999 _c30797
_d30797